00573cam a2200181 i 4500020001800000041000800018082001300026100002000039245002700059260002300086300002000109490006400129650004700193650001700240942000700257952011000264999001700374 a9789388945844 aENG a230bGEO1 aGeorge, Samuel,10aChurch and disability  aDelhibISPCKc2020 axx, 148 pages ;0 aReimagining church as events: prespectives from the margins 0aChurch work with people with disabilities. 0aDisabilities cBK 00104070aHMIbHMIcGENd2025-08-28eDirectorg180.00l0o230 GEOp11004504r2025-08-28w2025-08-28yBK c23559d23559